The poor relations : (Record no. 24255)
[ view plain ]
| 000 -LEADER | |
|---|---|
| fixed length control field | 01003nam a2200313 a 4500 |
| 001 - CONTROL NUMBER | |
| control field | 24255 |
| 003 - CONTROL NUMBER IDENTIFIER | |
| rucl marc code | BD-RjUL |
| 005 - DATE AND TIME OF LATEST TRANSACTION | |
| control field | 20211209001028.0 |
| 008 - FIXED-LENGTH DATA ELEMENTS--GENERAL INFORMATION | |
| fixed length control field | 140312s1896 enk 000 1 eng d |
| 035 ## - SYSTEM CONTROL NUMBER | |
| System control number | (BD-RjUL)24321 |
| 040 ## - CATALOGING SOURCE | |
| Original cataloging agency | BD-RjUL |
| Language of cataloging | eng |
| Transcribing agency | BD-RjUL |
| Modifying agency | BD-RjUL |
| 041 1# - LANGUAGE CODE | |
| Language code of text/sound track or separate title | eng |
| Language code of original | fre |
| 082 ## - DEWEY DECIMAL CLASSIFICATION NUMBER | |
| Classification number | 843.7 |
| Author mark and year | BAP |
| 100 1# - MAIN ENTRY--PERSONAL NAME | |
| Personal name | Balzac, Honoré de, |
| Dates associated with a name | 1799-1850. |
| 9 (RLIN) | 74703 |
| 245 14 - TITLE STATEMENT | |
| Title | The poor relations : |
| Remainder of title | second episode / |
| Statement of responsibility, etc. | by Honoré de Balzac |
| 250 ## - EDITION STATEMENT | |
| Edition statement | Caxton ed. |
| 260 ## - PUBLICATION, DISTRIBUTION, ETC. (IMPRINT) | |
| Place of publication, distribution, etc. | London : |
| Name of publisher, distributor, etc. | Caxton Publishing Company, |
| Date of publication, distribution, etc. | 1896. |
| 300 ## - PHYSICAL DESCRIPTION | |
| Pagination | 512 p., [1] leaf of plates : |
| Illustrations | ill. ; |
| Size | 22 cm |
| 490 1# - SERIES STATEMENT | |
| Series statement | The human comedy. Parisian life ; |
| Volume/sequential designation | 5 |
| 500 ## - GENERAL NOTE | |
| General note | Dated July 1846, May, 1847 on final page |
| General note | Translated from the French |
| General note | "With illustrations" |
| 650 #0 - SUBJECT ADDED ENTRY--TOPICAL TERM | |
| Topical term or geographic name as entry element | French fiction |
| General subdivision | Translations into English |
| 9 (RLIN) | 64311 |
| 830 #0 - SERIES ADDED ENTRY--UNIFORM TITLE | |
| Volume number/sequential designation | 5 |
| 830 #0 - SERIES ADDED ENTRY--UNIFORM TITLE | |
| Uniform title | The human comedy. |
| 942 ## - ADDED ENTRY ELEMENTS (KOHA) | |
| Source of classification or shelving scheme | Dewey Decimal Classification |
| Koha item type | Books |
| Lost status | Source of classification or shelving scheme | Damaged status | Not for loan | Collection code | Permanent Location | Current Location | Shelving location | Date acquired | Source of acquisition | Cost, normal purchase price | Total Checkouts | Full call number | Date last seen | Copy number | Koha item type |
|---|---|---|---|---|---|---|---|---|---|---|---|---|---|---|---|
| Dewey Decimal Classification | Added to bundle | Non-fiction | Central Library, University of Rajshahi | Central Library, University of Rajshahi | Reading Room | 20/11/1956 | B.H. black well | 10.50 | 843.7 BAP 1896 | 12/03/2014 | C-1 | Books |